000 00413 a2200133 4500
001 ART_6177
005 20260410161825.0
008 260409a
245 1 0 _aAlgunos aspectos socio-demográficos de la población estable de nuestra ciudad
100 1 _aBerges, Miriam
700 1 _aDi Paola, Rosángela
700 1 _aRodriguez, Elsa
773 0 _tFACES
_g- Año 1, Nº 1 (jun 1995)
_wREV5046
999 _c22710
_d22710